Toutes les communes du Val-de-Marne (Extrême) - Statistiques

Statistiques générales
  • Ce quiz a été pris 143 fois
  • Le résultat moyen est 31 sur 47
Statistiques - réponses
Département Communes % Correct
Créteil
96%
Champigny-sur-Marne
89%
Vincennes
89%
Ivry-sur-Seine
87%
Alfortville
86%
Maisons-Alfort
83%
Vitry-sur-Seine
82%
Saint-Maur-des-Fossés
81%
Nogent-sur-Marne
80%
Fontenay-sous-Bois
79%
Saint-Mandé
78%
Joinville-le-Pont
77%
Orly
77%
Arcueil
75%
Charenton-le-Pont
75%
Villejuif
75%
Villeneuve-Saint-Georges
75%
Sucy-en-Brie
73%
Choisy-le-Roi
72%
L'Haÿ-les-Roses
69%
Bonneuil-sur-Marne
68%
Bry-sur-Marne
68%
Le Kremlin-Bicêtre
68%
Saint-Maurice
68%
Thiais
68%
Cachan
67%
Boissy-Saint-Léger
63%
Valenton
63%
Rungis
62%
Chennevières-sur-Marne
61%
Gentilly
61%
Le Perreux-sur-Marne
61%
Villiers-sur-Marne
61%
Chevilly-Larue
59%
Fresnes
56%
Limeil-Brévannes
54%
Ormesson-sur-Marne
53%
La Queue-en-Brie
52%
Villeneuve-le-Roi
52%
Val-de-Marne Ablon-sur-Seine
48%
Le Plessis-Trévisse
46%
Noiseau
44%
Villecresnes
43%
Santeny
42%
Mandres-les-Roses
39%
Périgny
33%
Marolles-en-Brie
32%
Aucun quiz correspondant
Distribution des résultats
% des personnes avec chaque résultat
Percentile par nombre de réponses
Votre historique - résultats
Vous n’avez pas pris ce quiz